[Event "GER-ch U25-A"]
[Site "Willingen"]
[Date "2016.05.17"]
[Round "4"]
[White "Bilecen, Simon"]
[Black "Wachinger, Nikolas"]
[Result "0-1"]
[WhiteElo "1474"]
[BlackElo "1542"]
[PlyCount "34"]
[EventDate "2016.05.15"]
[EventType "swiss"]
[EventRounds "9"]
[EventCountry "GER"]
[SourceTitle "CBM 172 Extra"]
[Source "ChessBase"]
[SourceDate "2016.06.21"]
[SourceVersion "1"]
[SourceVersionDate "2016.06.21"]
[SourceQuality "1"]

1. e4 c5 2. Nf3 d6 3. d4 cxd4 4. Nxd4 Nf6 5. Nc3 a6 6. Be3 e6 7. Bd3 b5 8. a3 Bb7 9. 0-0 Be7 10. f4 Nbd7 11. Nb3 Nc5 12. Nxc5 dxc5 13. e5 Nd5 14. Nxd5 Qxd5 15. Qg4 h5 16. Qxg7 0-0-0 17. g3 Qg2# 0-1